01448cam a22003375a 4500001001000000003000400010005001700014008004100031020002500072040003600097041001300133082002100146100003300167245022400200260011100424300002700535500003200562500002600594504003300620546005500653650002800708650003800736651001000774653002000784700004000804710003500844710005500879942000800934999001700942952015100959016457640OSt20160524142512.0130604s2015 enk frb 001 0 eng d a9781780766492 (pbk.) aStDuBDSbengcStDuBDSdEG-ScBUE1 aenghara04222a297.272bBAL1 aBalqazīz, ʿAbd al-Ilāh.14aThe state in contemporary Islamic thought :ba historical survey of the major Muslim political thinkers of the modern era /cAbdelilah Belkeziz ; translated for The Center for Arab Unity Studies by Abdullah Richard Lux. aLondon ;aNew York :bI.B. Tauris Publishers in Association with The Centre for Arab Unity Studies,c2015. axxvi, 320 p. ;c24 cm. aOriginally published: 2009. aIndex : p. [309]-320. aBibliography : p. [297]-307. aText in English ; translated from original Arabic. 0aIslam and state.2BUEsh 7aIslam and politics.2BUEsh912785 2BUEsh bBUSBOLcMay20161 aLux, Abdullah Richard,etranslator.2 aCentre for Arab Unity Studies.2 aMohammed Bin Rashid Al Maktoum Foundation.938319 2ddc c21809d21781 00102ddc40708AlahramaMAINbMAINcLOWd2016-05-24ePurchaseg189.00h2l1o297.272 BALp000032588r2025-07-15 00:00:00s2017-10-31v236.25yBB